| 000 | 00622nam a2200193 i 4500 | ||
|---|---|---|---|
| 001 | 34002 | ||
| 003 | ES-MaACL | ||
| 005 | 20250712032631.0 | ||
| 007 | t| | ||
| 008 | 030203s1959 sp ||||1| spa d | ||
| 100 | 1 |
_aBlasco Ibáñez, Vicente, _d1867-1928 _929388 |
|
| 245 | 1 | 3 |
_aEl caballero de la Virgen _b: (Alonso de Ojeda) : novela / _cVicente Blasco Ibáñez. |
| 260 |
_aBarcelona : _bPlaneta, _c[1959] ( _fSaturno) |
||
| 300 |
_a317 p. ; _c19 cm. |
||
| 490 | 1 | _aAutores españoles contemporáneos | |
| 830 | 1 |
_aAutores españoles contemporáneos _9180811 |
|
| 852 |
_aES-MaACL _jC-16673 |
||
| 999 |
_c34002 _d34002 |
||